Statistics for Haiti Country Quiz

Click here to take the quiz!

General Stats

  • This quiz has been taken 88 times
  • The average score is 2 of 12

Answer Stats

HintAnswer% Correct
CapitalPort au Prince
100%
CurrencyGourde
24%
Third largest cityDelmas
9%
Second largest cityCarrefour
6%
Longest RiverArtibonite River
4%
Largest LakeLake Azuei
4%
Massif in the far westMassif de la Hotte
4%
Above is in what massif?Massif de la Selle
4%
Canal to the north of the aboveCanal de Saint Marc
2%
Largest island (Not hispaniola)Isle de la Gonave
2%
Second largest islandIsle de la Tortue
2%
Highest pointPic la Selle
2%

Score Distribution

Percentile by Number Answered

Percent of People with Each Score

Your Score History

You have not taken this quiz